| 000 | 00376nam a2200085Ia 4500 | ||
|---|---|---|---|
| 008 | 160715s9999 xx 000 0 und d | ||
| 245 | _aThese are times of joy, too–if we learn to look in the right places | ||
| 260 |
_bPhilippine Daily Inquirer _cDecember 1, 2013 |
||
| 856 | _uhttp://lifestyle.inquirer.net/139957/these-are-times-of-joy-too-if-we-learn-to-look-in-the-right-places | ||
| 999 |
_c297734 _d297734 |
||